000 01108nam a22002777a 4500
003 OSt
005 20221118124108.0
007 cr a|||||a|c|a
008 221031b2020 mx adb|| |||| 00| 0 spa d
040 _erda
100 _9185447
_aBautista Martínez, Laura
245 1 _aAnálisis de la competitividad de la avena grano en México /
_cpor Laura Bautista Martínez, director de tesis Alma Alicia Gómez Gómez
264 1 _aChapingo, México :
_bEl autor,
_c2020.
300 _a1 recurso en línea (105 páginas).
336 _2rdacontent
_atexto
_btxt
337 _2rdamedia
_acomputadora
_bc
338 _2rdacarrier
_arecurso en línea
_bcr
502 _bMCEARN
_cDICEA
_d2020.
_gMAE
504 _aIncluye referencias bibliográficas: páginas 73-75
650 4 _98533
_aAvena
_xMercadeo
650 4 _98507
_aAvena
_xAspectos económicos
650 4 _98539
_aAvena
_xRendimiento
700 1 _949727
_aGómez Gómez, Alma Alicia
_eDirector de tesis
856 _uhttp://10.13.5.2/tesis/tm/2020_EA_Bautista_Martinez_Laura.pdf
_zDESCARGAR PDF
942 _2Clasificación Universidad Autónoma Chapingo
_cTD
999 _c217697
_d217697